000 01680cam a22004814i 4500
003 PE-LiUPU
005 20250731173507.0
008 150616s r 000 0 d
020 _a0802825117
035 _a(Sirsi) i9780802825117
040 _aPE-LiUPU
_bspa
_cPE-LiUPU
_erda
049 _aPRUA
082 0 4 _a225.07
_bNICNT1995
_221
100 1 _aFee, Gordon D.,
_eautor.
245 1 0 _aPaul's Letter to the Philippians.
_n11 /
_cGordon D. Fee.
264 1 _aGrand Rapids, Michigan :
_bWm. B. Eerdmans Publishing Co.,
_c1995.
300 _a497 páginas ;
_c24 centímetros
336 _atext
_2rdacontent
337 _aunmediated
_2rdamedia
338 _avolume
_2rdacarrier
490 0 _aThe New International Commentary on the New Testament
504 _aNotas bibliográficas al pie de páginas.
505 0 _aAnalysis of Philippians -- Text, exposition, and notes Philippians.
526 _aSEG42
526 _aSEG41
526 _aSEG40
526 _aSEG39
526 _aP94
526 _aP87
526 _aP86
526 _aP85
526 _aP77
526 _aP76
526 _aP35
630 _aBiblia.
_pN.T.
_pFilipenses
_xComentarios.
910 _ajck
_bjvq
_cjck
942 _2ddc
_cBOOK
949 _a225.07 NICNT 11 1995
_wDEWEY
_c1
_i40509
_lCCODEBUL1
_mBUL
_r0
_sY
_tBOOK
_u2015-6-16
_xTEOLOGIA
_zUNKNOWN
_0COMPRA
_o.STAFF. Colección General
994 _aC0
_bPEPRU
596 _a1
999 _a225.07 NICNT 11 1995
_wDEWEY
_c58300
_i40509
_d58300
_f2021-11-9
_g5
_lCCODEBUL1
_mBUL
_q1
_r0
_sY
_tBOOK
_u2015-6-16
_xTEOLOGIA
_zUNKNOWN
_0COMPRA
_o.STAFF. Colección General
980 _81
_gALBERTO SANCHEZ Responsable de Automatización